000 00246nam a2200109Ia 4500
008 220204s9999 xx 000 0 und d
082 _bWHI
100 _aWhitrow, G J
245 0 _aNature of time
260 _aEngland
_bPenguin
_c1975
942 _cBK
999 _c26258
_d26258